000 00424nam a2200169Ia 4500
008 230524s9999 xx 000 0 und d
020 _a1403926778
082 _a658.45
_bMAT
100 _aU.C.Mathur
245 0 _aStrategic Marketing Management : Text And Cases
250 _aIST
260 _aNEW DELHI
_bMacMillian
_c2006
300 _aXVI;289
500 _aQuantity Number: 5
650 _aManagement
942 _cBK
999 _c42442
_d42442